01755nam a2200397 i 4500001001000000003001000010005001700020007000300037008004100040020002300081040004800104041001300152082001800165100003600183240002900219245004800248250002900296264004800325264001100373300002700384336002700411337003300438338002800471500002100499520051300520563001401033650002601047653003501073653002501108653002501133653002601158942000701184945002801191952012101219999001701340768714001CO-MdFUSB20260422152524.0ta241119t2009 -us||||| |||| 001 0 spa d a978-0-311-37006-1  bspa.aCO-MdFUSBcCO-MdFUSBdCO-MdFUSBCerda aspaheng 223a243bB942 aBunyan, Juan,eautord1628-1688 aThe pilgrim's progress.  3aEl progreso del peregrino c/ Juan Bunyan  aVigesimocuarta edición 1aEl Paso, Texas : bMundo Hispano, c[2010]  4c©2009 a125 páginasc; 18 cm 2rdacontentatextobtxt 2rdamediaasin mediaciónbn 2rdacarrieravolumenbnc aIncluye índice aA 300 años de su primera edición, y publicada en más de ochenta idiomas, esta es una de las obras literarias más leídas en todo el mundo. Relata en forma alegórica la vida de una persona que empieza la peregrinación espiritual. Cualquier persona que tome en serio las enseñanzas de Cristo en cuanto al discipulado, al leer las luchas espirituales del "Peregrino", encontrará que la vida cristiana y el galardón que Dios ofrece son los únicos valores perdurables en un mundo transitorio. aRústico 0aEvangelización9362 aVida cristiana–Alegorías  aLiteratura cristiana aAlegoría religiosa aDiscipulado cristiano cBK aCatherine Arias Alvarez 00102ddc3040708GENaFUSBCbFUSBCd2024-11-18l0oG 243 B942pp25316r2024-11-19 00:00:00tEj. 1w2024-11-19yBK c71233d71233